000 00736 a2200169 4500
003 Nust
005 20230320094341.0
040 _cNust
082 _a624.171,WEA
100 _aWeaver, William
_942920
245 _aComputer programs for structural analysis /
_cWilliam Weaver
260 _aNew Jersey
_bD. Van Nostrand
_c1967
300 _a300p
505 _aStiffness Method for Analysis (Page-1), Computer and Procedures (Page-49), Analysis by Inversion of Stiffness Matrix (Page-71), Analysis by Solution of Simultaneous Equations (Page-150), Analysis by Division of Structure (Page-189), Supplementary Programming Topics (Page-278).
650 _aStructural analysis (Engineering) --Computer programs
_9110544
942 _2ddc
_cBK
999 _c176597
_d176597